| 000 | 00701nam a22002890a 4500 | ||
|---|---|---|---|
| 001 | PT49678 | ||
| 003 | AR-LpoUNG | ||
| 005 | 20210131231314.0 | ||
| 008 | 191001s2009||||ag |||||||||||||||||spa d | ||
| 020 |
_a9789505546336 _c$8,60 |
||
| 040 |
_aAR-LpoUNG _bspa _cAR-LpoUNG _eaacr |
||
| 041 | _aspa | ||
| 044 | _aag | ||
| 082 | 0 | _aA863 249aju | |
| 100 | 1 | _aFasolo, Osvaldo | |
| 245 | 1 | 0 | _aAjuste de cuentos |
| 250 | _a1ยง ed. | ||
| 260 |
_aBuenos Aires : _bOsvaldo Fasolo, _cnoviembre 2009. |
||
| 300 |
_a189 p. : _bfot. |
||
| 650 | 4 | _aARGENTINA | |
| 650 | 4 | _aCUENTOS | |
| 650 | 4 | _aLITERATURA | |
| 651 | 4 | _aArgentina | |
| 653 | _aLITERATURA ARGENTINA | ||
| 905 | _a49678 | ||
| 942 | _cLIB | ||
| 999 |
_c9243 _d9243 |
||